Quan hệ quốc tế về môi trường

Sách cung cấp một số khái niệm liên quan đến quan hệ quốc tế về môi trường, chính sách môi trường ở một số nước trên thế giới; phân tích về phát triển kinh tế và môi trường; môi trường toàn cầu và các hiệp định, công ước quô...

Ausführliche Beschreibung

Gespeichert in:
Bibliographische Detailangaben
1. Verfasser: Trần, Thanh Lâm
Format: Buch
Sprache:Undetermined
Veröffentlicht: Hà Nội Đại học Kinh tế quốc dân 2008
Schlagworte:
Tags: Tag hinzufügen
Keine Tags, Fügen Sie den ersten Tag hinzu!
Thư viện lưu trữ: Trung tâm Học liệu Trường Đại học Cần Thơ
LEADER 01037nam a2200205Ia 4500
001 CTU_148488
008 210402s9999 xx 000 0 und d
020 |c 24000 
082 |a 354.3 
082 |b L120 
100 |a Trần, Thanh Lâm 
245 0 |a Quan hệ quốc tế về môi trường 
245 0 |c Trần Thanh Lâm 
260 |a Hà Nội 
260 |b Đại học Kinh tế quốc dân 
260 |c 2008 
520 |a Sách cung cấp một số khái niệm liên quan đến quan hệ quốc tế về môi trường, chính sách môi trường ở một số nước trên thế giới; phân tích về phát triển kinh tế và môi trường; môi trường toàn cầu và các hiệp định, công ước quốc tế về môi trường. 
650 |a Environment policy,Chính sách môi trường 
904 |i Hằng+Dương 
980 |a Trung tâm Học liệu Trường Đại học Cần Thơ